000 00317nam a22001337a 4500
020 _a978-9384378028
041 _aENG
100 _aJain.N.K
245 _aA Text Book Of Practicals In Electrical Engineering
260 _aDelhi
_bDhanpat Rai Pub
_c2000
300 _a236
650 _aEOES
856 _uEOES ( 14 )
999 _c1110
_d1110